[Event "World Junior Open 2015"]
[Site "Khanty-Mansiysk RUS"]
[Date "2015.09.13"]
[Round "11.23"]
[White "Van Laeken, Jonathan"]
[Black "Carneiro, Vitor Roberto Castro"]
[Result "0-1"]
[BlackTitle "CM"]
[WhiteElo "1866"]
[BlackElo "2405"]
[WhiteFideId "228567"]
[BlackFideId "2130106"]
[EventDate "2015.09.02"]

1. d4 Nf6 2. c4 g6 3. Nc3 Bg7 4. e4 d6 5. f3 O-O 6. Bg5 c5 7. d5 e6 8. Qd2 exd5
9. cxd5 Qa5 10. Rc1 Re8 11. Nge2 Nbd7 12. Ng3 a6 13. Be2 b5 14. b3 h5 15. O-O
Nh7 16. Bf4 Ne5 17. Nh1 Qd8 18. Nf2 g5 19. Be3 Ng6 20. Rfe1 Qf6 21. a4 b4 22.
Ncd1 Nf4 23. Bf1 Nf8 24. g3 N8g6 25. Rc2 Ne5 26. gxf4 Nxf3+ 27. Kh1 Nxd2 0-1

[Event "World Junior Open 2015"]
[Site "Khanty-Mansiysk RUS"]
[Date "2015.09.13"]
[Round "11.24"]
[White "Popov, Mikhail"]
[Black "Bilguun, Sumiya"]
[Result "0-1"]
[WhiteTitle "FM"]
[BlackTitle "FM"]
[WhiteElo "2327"]
[BlackElo "2343"]
[WhiteFideId "4146182"]
[BlackFideId "4901541"]
[EventDate "2015.09.02"]

1. d4 d5 2. c4 e6 3. Nf3 c6 4. Nc3 dxc4 5. e3 b5 6. a4 Bb4 7. Bd2 a5 8. axb5
Bxc3 9. Bxc3 cxb5 10. b3 Bb7 11. bxc4 b4 12. Bb2 Nf6 13. Bd3 O-O 14. O-O Nbd7
15. Nd2 Bc6 16. Bc2 Qc7 17. e4 e5 18. f4 exd4 19. e5 Qb6 20. Bf5 Ne8 21. Ne4 d3+
22. Kh1 Nc5 23. Nxc5 Qxc5 24. Qxd3 g6 25. Bd4 Qe7 26. Bh3 Ng7 27. Qe3 Qh4 28. e6
Rfe8 29. f5 gxf5 30. Bxf5 Nxe6 31. Bf6 Nf8 32. Qxe8 Qxf6 33. Qe2 Qg7 34. Bh3 a4
35. Qe7 b3 36. Qb4 Ng6 37. c5 Ne5 38. Rfd1 Nd3 39. Qb6 Nf2+ 40. Kg1 Nxh3+ 0-1

[Event "World Junior Open 2015"]
[Site "Khanty-Mansiysk RUS"]
[Date "2015.09.13"]
[Round "11.25"]
[White "Serikbay, Chingiz"]
[Black "Taalaibekov, Tagir"]
[Result "1/2-1/2"]
[WhiteTitle "FM"]
[WhiteElo "2272"]
[BlackElo "2222"]
[WhiteFideId "13707604"]
[BlackFideId "13801163"]
[EventDate "2015.09.02"]

1. e4 c5 2. Nf3 e6 3. d4 cxd4 4. Nxd4 a6 5. Bd3 Qc7 6. O-O Nf6 7. Nc3 Nc6 8.
Nxc6 dxc6 9. f4 Bc5+ 10. Kh1 e5 11. Qf3 Bg4 12. Qg3 h5 13. h4 Bd6 14. f5 b5 15.
a4 Rb8 16. axb5 axb5 17. Be3 O-O 18. Ra7 Rb7 19. Rfa1 b4 20. Nb1 Rfb8 21. Qf2 c5
22. Rxb7 Rxb7 23. Nd2 Nd7 24. Nc4 Be7 25. Bg5 Bf6 26. Ne3 Qd8 27. Bxf6 Nxf6 28.
Nc4 Qc7 29. Ra5 Nd7 30. Qe1 Ra7 31. Rxa7 Qxa7 32. Ne3 Nf6 33. Bc4 Qd7 34. c3
bxc3 35. bxc3 Qa4 36. Bd5 Qd7 37. Qb1 Kh7 38. Qa2 g6 39. Bxf7 gxf5 40. Be6 Qd3
41. Bxf5+ Kg7 42. Qa7+ Kg8 43. Qxc5 Bxf5 44. exf5 Qb1+ 45. Kh2 Qe1 46. Qxe5 1/2-1/2

[Event "World Junior Open 2015"]
[Site "Khanty-Mansiysk RUS"]
[Date "2015.09.13"]
[Round "11.26"]
[White "Kirk, Ezra"]
[Black "Lootens, Matthias"]
[Result "1-0"]
[WhiteTitle "FM"]
[WhiteElo "2315"]
[BlackElo "1935"]
[WhiteFideId "600067"]
[BlackFideId "218634"]
[EventDate "2015.09.02"]

1. d4 Nf6 2. Nf3 g6 3. c4 Bg7 4. Nc3 d6 5. g3 O-O 6. Bg2 Nbd7 7. O-O e5 8. e4 a5
9. Rb1 h6 10. h3 Kh7 11. Be3 Ng8 12. Qc2 Nb6 13. b3 c6 14. Rbd1 Nd7 15. Rd2 Qc7
16. Rfd1 Ne7 17. Na4 f5 18. dxe5 dxe5 19. Nc5 Nf6 20. Na4 Nd7 21. exf5 Nxf5 22.
Nh4 Nxh4 23. gxh4 Nf6 24. Nb6 Rb8 25. Nxc8 Rbxc8 26. h5 Qf7 27. hxg6+ Qxg6 28.
Qxg6+ Kxg6 29. Rd6 Kf7 30. Bb6 Ra8 31. Bd8 Re8 32. Bf3 Re6 33. Rxe6 Kxe6 34. a4
Bf8 35. Bb6 Bb4 36. Be3 h5 37. Kf1 Rf8 38. Ke2 Rg8 39. Bh1 Rg7 40. Rb1 Rg8 41.
Rd1 Rg7 42. Bf3 Rg8 43. h4 Ng4 44. Bg5 Be7 45. Bd2 Bxh4 46. Rh1 Bd8 47. Rxh5 Rg7
48. Rh8 Bb6 49. Bxg4+ Rxg4 50. Rh7 Rg2 51. Be1 Bd4 52. Rxb7 Rh2 53. Rb8 Kd6 54.
Rf8 Rh3 55. Rf3 Rxf3 56. Kxf3 Bb6 57. Ke4 Ke6 58. f3 c5 59. Bf2 Ba7 60. Bg1 Bb6
61. Bh2 Bc7 62. Bg3 Bb8 63. Be1 Bc7 64. Bc3 1-0

[Event "World Junior Open 2015"]
[Site "Khanty-Mansiysk RUS"]
[Date "2015.09.13"]
[Round "11.27"]
[White "Dutreuil, Raphael"]
[Black "Fontaine, Quentin"]
[Result "0-1"]
[WhiteElo "2166"]
[BlackElo "2122"]
[WhiteFideId "20630999"]
[BlackFideId "230804"]
[EventDate "2015.09.02"]

1. d4 Nf6 2. c4 e6 3. g3 Bb4+ 4. Bd2 a5 5. Bg2 d6 6. e4 e5 7. Ne2 O-O 8. O-O
exd4 9. Nxd4 Nc6 10. Nxc6 bxc6 11. Be3 Ng4 12. Bd4 c5 13. Bxg7 Kxg7 14. a3 Rb8
15. axb4 axb4 16. Nd2 Be6 17. h3 Ne5 18. f4 Nxc4 19. f5 Nxd2 20. Qxd2 Bd7 21.
f6+ Kh8 22. e5 Rg8 23. Kh2 Qe8 24. Rae1 dxe5 25. Be4 Bc6 26. Bf5 Qf8 27. Rxe5
Rd8 28. Qe3 Qd6 29. Bc2 Qxe5 30. Qxe5 Rd2+ 31. Rf2 Rxf2+ 32. Kg1 Rxc2 33. Qxc7
Ra8 0-1

[Event "World Junior Open 2015"]
[Site "Khanty-Mansiysk RUS"]
[Date "2015.09.13"]
[Round "11.28"]
[White "Chumak, Dmitrii"]
[Black "Studer, Noel"]
[Result "0-1"]
[BlackTitle "IM"]
[WhiteElo "1808"]
[BlackElo "2422"]
[WhiteFideId "34106658"]
[BlackFideId "1319620"]
[EventDate "2015.09.02"]

1. e4 e6 2. d4 d5 3. exd5 exd5 4. Bf4 Nf6 5. Nf3 Be7 6. Bd3 O-O 7. h3 c5 8. c3
Qb6 9. Qc2 c4 10. Be2 Ne4 11. Nbd2 Bf5 12. Nxe4 Bxe4 13. Qd2 a5 14. O-O a4 15.
Bxb8 Rfxb8 16. Ne5 a3 17. bxa3 Bxa3 18. Nd7 Qb2 19. Rfd1 Rd8 20. Ne5 f6 21. Ng4
b5 22. Bf3 Qxd2 23. Rxd2 b4 24. Bxe4 dxe4 25. cxb4 c3 26. Rc2 Rxd4 27. Rxc3 Bb2
28. Rac1 Bxc1 29. Rxc1 Rxb4 30. Ne3 Rba4 31. Rc7 Rxa2 32. Re7 Re2 33. Nf5 Ra1+
34. Kh2 Rxf2 35. Re8+ Kf7 36. Nd6+ Kg6 37. Rxe4 h5 38. Re3 h4 39. Re4 f5 40.
Rxh4 Raa2 41. Kg3 Rxg2+ 42. Kf4 Ra4+ 43. Kf3 Rxh4 44. Kxg2 Rd4 45. Nb5 Rd3 46.
Nc7 Kf6 47. h4 Ke7 48. Kf2 Kd7 49. Nb5 Kc6 50. Ke2 Rd8 51. Nc3 Rh8 52. Kf3 Rxh4
53. Ne2 g5 54. Ng3 Rh3 55. Kg2 Rxg3+ 0-1

[Event "World Junior Open 2015"]
[Site "Khanty-Mansiysk RUS"]
[Date "2015.09.13"]
[Round "11.29"]
[White "Sabirov, Timur"]
[Black "Ererdem, Gani Eren"]
[Result "0-1"]
[WhiteElo "1665"]
[BlackElo "2213"]
[WhiteFideId "44107323"]
[BlackFideId "6310915"]
[EventDate "2015.09.02"]

1. c4 Nf6 2. e3 d5 3. cxd5 Nxd5 4. a3 g6 5. Qc2 Bg7 6. Nf3 O-O 7. d3 b6 8. Be2
Bb7 9. Nbd2 c5 10. Rb1 Nc6 11. b3 Nc3 12. Rb2 Nxe2 13. Kxe2 Bxb2 14. Bxb2 Qd5
15. Qc3 f6 16. e4 Qe6 17. h3 Ba6 18. b4 Rfd8 19. Ng5 Rxd3 20. Nxe6 Rxc3+ 21. Kd1
Rd3 22. bxc5 Bc4 23. Nf4 Rd7 24. Kc2 Bf7 25. cxb6 axb6 26. Rd1 e5 27. Ne2 Rc8
28. Nc3 Rcd8 29. Nf3 Rxd1 30. Nxd1 Na5 31. Nd2 Nc4 32. Nxc4 Bxc4 33. Nc3 Kf7 34.
Bc1 b5 35. Be3 Ke6 36. Bc5 Bf1 37. g3 Bxh3 38. Kb3 Bf1 39. Kb4 Rb8 40. Ba7 Rb7
41. Bc5 h5 42. Kb3 g5 43. Kc2 h4 44. f4 exf4 45. gxf4 g4 46. Bg1 g3 0-1

[Event "World Junior Open 2015"]
[Site "Khanty-Mansiysk RUS"]
[Date "2015.09.13"]
[Round "11.30"]
[White "Hasenohr, Benedict"]
[Black "Dias, Matheus Nunes"]
[Result "1-0"]
[WhiteTitle "FM"]
[WhiteElo "2309"]
[BlackElo "1699"]
[WhiteFideId "1303309"]
[BlackFideId "2136570"]
[EventDate "2015.09.02"]

1. d4 e6 2. Nf3 d5 3. e3 Nf6 4. Bd3 Be7 5. Nbd2 c5 6. b3 cxd4 7. exd4 O-O 8. O-O
Nc6 9. Bb2 Bd7 10. c4 Bd6 11. Qe2 Nh5 12. Bc2 Nf4 13. Qe3 Re8 14. Ne5 Ng6 15. f4
Rc8 16. Ndf3 dxc4 17. Nxf7 Bxf4 18. Qf2 Kxf7 19. Bxg6+ hxg6 20. Ne5+ Nxe5 21.
Qxf4+ Kg8 22. bxc4 Rxc4 23. Qxe5 Qb6 24. Rf2 Qc7 25. Qe4 Rf8 26. Rxf8+ Kxf8 27.
Rf1+ Kg8 28. Ba3 Qb8 29. Qxg6 Rxd4 30. Bb2 Qe5 31. Qf7+ Kh8 32. Qf2 1-0

[Event "World Junior Open 2015"]
[Site "Khanty-Mansiysk RUS"]
[Date "2015.09.13"]
[Round "11.31"]
[White "El Fazari, Mohamed Amin"]
[Black "O'Mahoney, Keegan"]
[Result "0-1"]
[WhiteElo "1832"]
[BlackElo "1788"]
[WhiteFideId "9002545"]
[BlackFideId "2506190"]
[EventDate "2015.09.02"]

1. e4 c6 2. Nc3 d5 3. d4 dxe4 4. Nxe4 Bf5 5. Ng3 Bg6 6. Nh3 e6 7. Bc4 Bd6 8. O-O
Nf6 9. c3 Qc7 10. f4 Nbd7 11. Qf3 O-O 12. Bd2 c5 13. Rac1 Qb6 14. b3 cxd4 15.
cxd4 Qxd4+ 16. Be3 Qxe3+ 17. Qxe3 Bc5 18. Qxc5 Nxc5 19. Ng5 Nce4 20. N3xe4 Nxe4
21. Nf3 Rfd8 22. Rfd1 Bh5 23. Rxd8+ Rxd8 24. Ne5 Rd1+ 25. Rxd1 Bxd1 26. f5 exf5
27. Bxf7+ Kf8 28. Bd5 b6 29. Nc6 a5 30. Be6 Nc3 31. a4 g6 32. Ne5 Ne2+ 33. Kf2
Nd4 34. Ke1 Bc2 35. Kd2 Bxb3 36. Bd7 Bd5 37. Kd3 Ne6 38. Bc8 Ke7 39. g3 Nc5+ 40.
Kd4 Be6 41. Bxe6 Kxe6 42. Nc6 Kd6 43. Na7 Nxa4 44. Kc4 Nc5 45. Nc8+ Kc7 46. Ne7
Ne4 47. Kb5 Nd6+ 48. Ka6 a4 49. Nd5+ Kc6 50. Nc3 a3 51. Na2 Kc5 52. Nc1 g5 53.
Ka7 f4 54. Nd3+ Kb5 0-1

[Event "World Junior Open 2015"]
[Site "Khanty-Mansiysk RUS"]
[Date "2015.09.14"]
[Round "12.1"]
[White "Duda, Jan-Krzysztof"]
[Black "Rambaldi, Francesco"]
[Result "1-0"]
[WhiteTitle "GM"]
[BlackTitle "IM"]
[WhiteElo "2645"]
[BlackElo "2540"]
[WhiteFideId "1170546"]
[BlackFideId "20657307"]
[EventDate "2015.09.02"]

1. e4 d6 2. d4 Nf6 3. Bd3 e5 4. c3 Nc6 5. Nf3 Bg4 6. d5 Ne7 7. h3 Bd7 8. Bg5 Ng6
9. Nbd2 Be7 10. h4 Ng4 11. g3 c6 12. Nc4 Qc7 13. h5 Bxg5 14. dxc6 Qxc6 15. Nxg5
Ne7 16. Be2 Nc8 17. Bxg4 Bxg4 18. Nxe5 Bxd1 19. Nxc6 Bxh5 20. Nd4 Bg6 21. O-O-O
O-O 22. f3 Rd8 23. Rh2 h6 24. Nh3 f6 25. Nf4 Bf7 26. Nf5 Kf8 27. b3 a5 28. Kb2
Ra6 29. Nd4 Rd7 30. Rhd2 Rb6 31. c4 Na7 32. c5 Ra6 33. Nf5 Nc8 34. cxd6 Rc6 35.
g4 a4 36. Nh5 axb3 37. axb3 g6 38. Nxf6 Rd8 39. Nh7+ Kg8 40. Nxh6+ Kg7 41. Nxf7
Kxf7 42. Ng5+ Kf6 43. f4 1-0

[Event "World Junior Open 2015"]
[Site "Khanty-Mansiysk RUS"]
[Date "2015.09.14"]
[Round "12.2"]
[White "Yuffa, Daniil"]
[Black "Antipov, Mikhail Al."]
[Result "0-1"]
[WhiteTitle "IM"]
[BlackTitle "GM"]
[WhiteElo "2476"]
[BlackElo "2538"]
[WhiteFideId "24131423"]
[BlackFideId "4107012"]
[EventDate "2015.09.02"]

1. d4 e6 2. Nf3 Nf6 3. c4 c5 4. d5 b5 5. dxe6 fxe6 6. cxb5 d5 7. g3 Qa5+ 8. Nc3
d4 9. Qa4 Qb6 10. Nb1 Bb7 11. Bg2 Nbd7 12. O-O a6 13. Na3 Bd5 14. bxa6 Rxa6 15.
Qb5 Qa7 16. e3 Qa8 17. Qe2 Rxa3 18. bxa3 d3 19. Qd1 c4 20. Ne1 Bc5 21. Bb2 O-O
22. Rc1 Qa6 23. Bxf6 Bxg2 24. Nxg2 Nxf6 25. Nf4 Bxa3 26. Rb1 e5 27. Nh5 Ne4 28.
Qg4 Qg6 29. Qd7 Nd2 30. Rb7 Qf7 31. Qxf7+ Rxf7 32. Rb8+ Rf8 33. Rb7 Nxf1 0-1

[Event "World Junior Open 2015"]
[Site "Khanty-Mansiysk RUS"]
[Date "2015.09.14"]
[Round "12.3"]
[White "Tran, Tuan Minh"]
[Black "Bluebaum, Matthias"]
[Result "1/2-1/2"]
[WhiteTitle "IM"]
[BlackTitle "GM"]
[WhiteElo "2417"]
[BlackElo "2580"]
[WhiteFideId "12401820"]
[BlackFideId "24651516"]
[EventDate "2015.09.02"]

1. d4 Nf6 2. c4 e6 3. Nf3 d5 4. Nc3 Nbd7 5. cxd5 exd5 6. Bf4 c6 7. e3 Nh5 8. Bg5
Be7 9. Bxe7 Qxe7 10. Bd3 g6 11. O-O O-O 12. Qc2 Ndf6 13. Rab1 Ng7 14. b4 a6 15.
a4 Bf5 16. b5 axb5 17. axb5 c5 18. dxc5 Qxc5 19. Bxf5 Nxf5 20. Rfc1 Rfc8 21. Qd2
Qa3 22. Ne2 Rc4 23. Ne5 Rxc1+ 24. Qxc1 Qxc1+ 25. Rxc1 Ra2 26. Nc3 Rd2 27. Nf3
Rb2 28. h3 Ne4 29. Nxe4 dxe4 30. Ng5 Nd6 31. Rd1 Rxb5 1/2-1/2

[Event "World Junior Open 2015"]
[Site "Khanty-Mansiysk RUS"]
[Date "2015.09.14"]
[Round "12.4"]
[White "Bajarani, Ulvi"]
[Black "Van Foreest, Jorden"]
[Result "1/2-1/2"]
[WhiteTitle "GM"]
[BlackTitle "IM"]
[WhiteElo "2535"]
[BlackElo "2541"]
[WhiteFideId "13403028"]
[BlackFideId "1039784"]
[EventDate "2015.09.02"]

1. d4 d5 2. c4 c6 3. cxd5 cxd5 4. Nc3 Nf6 5. Bf4 Nc6 6. e3 a6 7. Bd3 Bg4 8. f3
Bh5 9. Qb3 Na5 10. Qa4+ Nc6 11. Nge2 e6 12. Rc1 Bg6 13. Bxg6 hxg6 14. Bg3 Bd6
15. Kf2 O-O 16. Nf4 e5 17. dxe5 Bxe5 18. Rhd1 d4 19. exd4 b5 20. Qc2 Nxd4 21.
Qd3 Nf5 22. Qxd8 Rfxd8 23. Nfe2 Nxg3 24. Nxg3 Rac8 25. Rxd8+ Rxd8 26. Ke2 Rc8
27. Kd1 Kf8 28. Nf1 g5 29. g3 Rd8+ 30. Kc2 Rc8 31. Kd1 Bb8 32. Rc2 Ba7 33. Rd2
g4 34. f4 b4 35. Ne2 a5 36. b3 Ke7 37. Rc2 Rd8+ 38. Kc1 Nd5 39. Rc4 Kf8 40. Re4
f6 41. Nd2 Be3 42. f5 a4 43. bxa4 Rc8+ 44. Kd1 Bg5 45. Nf1 Rc5 46. Ke1 Rc2 47.
Nd4 Rxa2 48. Ne6+ Kf7 49. Nxg5+ fxg5 50. Nd2 Kf6 51. Rxg4 Kxf5 52. Rd4 Ke5 53.
Rg4 Kf5 54. Rd4 Ke6 55. Re4+ Kf6 56. Rd4 Ke6 57. Re4+ Kd6 58. Rg4 Rxa4 59. Rxg5
Ra7 60. Ke2 Kc5 61. Kd3 Rd7 62. Nb3+ Kc6 63. Kc4 Ne3+ 64. Kxb4 Rb7+ 65. Ka4 Ra7+
66. Na5+ Kd6 1/2-1/2

[Event "World Junior Open 2015"]
[Site "Khanty-Mansiysk RUS"]
[Date "2015.09.14"]
[Round "12.5"]
[White "Loiseau, Quentin"]
[Black "Abasov, Nijat"]
[Result "1/2-1/2"]
[WhiteTitle "IM"]
[BlackTitle "GM"]
[WhiteElo "2419"]
[BlackElo "2511"]
[WhiteFideId "665274"]
[BlackFideId "13402960"]
[EventDate "2015.09.02"]

1. d4 Nf6 2. c4 c5 3. d5 e6 4. Nc3 exd5 5. cxd5 d6 6. Nf3 g6 7. Bf4 Bg7 8. Qa4+
Bd7 9. Qb3 Qc7 10. e4 O-O 11. Nd2 Nh5 12. Be3 f5 13. exf5 Bxf5 14. Be2 Nf6 15.
h3 Na6 16. a3 Qf7 17. Rd1 Nc7 18. Nc4 Rad8 19. Bf3 b6 20. a4 Na6 21. O-O Nb4 22.
Rd2 h6 23. Nb5 Ne8 24. Bf4 Bxh3 25. Bg3 Bd7 26. Nbxd6 Nxd6 27. Nxd6 Qf6 28. Re1
Qg5 29. Ne4 Qf5 30. Nd6 Qg5 31. Ne4 Qf5 32. Ree2 Kh8 33. Nd6 Qg5 34. Ne4 Qf5 35.
Bc7 Rde8 36. Nd6 Rxe2 37. Nxf5 Rxd2 38. Nxg7 Rd3 39. Qc4 Kxg7 40. Be5+ Kh7 41.
Bc3 Rfxf3 42. gxf3 Rd1+ 43. Kh2 Nxd5 44. Qe2 Nxc3 45. bxc3 Bxa4 46. Qe7+ Kg8 47.
Qxa7 Be8 48. Qxb6 Rd5 49. Qb8 Kf8 50. Qc8 Rf5 51. f4 Ke7 52. Kg3 Bf7 53. Kf3 c4
54. Ke3 h5 55. Qc7+ 1/2-1/2

[Event "World Junior Open 2015"]
[Site "Khanty-Mansiysk RUS"]
[Date "2015.09.14"]
[Round "12.6"]
[White "Bok, Benjamin"]
[Black "Pichot, Alan"]
[Result "1/2-1/2"]
[WhiteTitle "GM"]
[BlackTitle "IM"]
[WhiteElo "2586"]
[BlackElo "2528"]
[WhiteFideId "1017063"]
[BlackFideId "110973"]
[EventDate "2015.09.02"]

1. e4 c5 2. Nf3 e6 3. d4 cxd4 4. Nxd4 Nf6 5. Nc3 d6 6. g4 h6 7. h4 Nc6 8. Rg1 d5
9. exd5 Nxd5 10. Nxd5 Qxd5 11. Bg2 Qe5+ 12. Be3 Bd7 13. Nxc6 Bxc6 14. Bxc6+ bxc6
15. Qd4 Qxd4 16. Bxd4 c5 17. Bc3 O-O-O 18. Rd1 Rd5 19. Rg3 Kd7 20. h5 Bd6 21.
Re3 f6 22. Re4 a6 23. Ra4 Ra8 24. Ke2 Kc6 25. Rd3 Be5 26. Bxe5 Rxe5+ 27. Re3
Rxe3+ 28. Kxe3 a5 29. b3 Kb5 30. Re4 Re8 31. f4 Kb6 32. Kd3 Kb5 33. Kc3 Re7 34.
Re3 Re8 35. Re2 Kc6 36. Kc4 e5 37. fxe5 fxe5 38. Re4 Rd8 39. c3 Rf8 40. Rxe5
Rf4+ 41. Kd3 Rxg4 42. c4 Kd6 43. Rd5+ Kc6 44. Re5 Kd6 45. Rd5+ Kc6 46. Rf5 Rd4+
47. Kc3 Rg4 48. Rf7 Rg3+ 49. Kb2 a4 50. bxa4 Kb6 51. a3 1/2-1/2

[Event "World Junior Open 2015"]
[Site "Khanty-Mansiysk RUS"]
[Date "2015.09.14"]
[Round "12.7"]
[White "Makhnyov, Denis"]
[Black "Grigoryan, Karen H."]
[Result "1/2-1/2"]
[WhiteTitle "FM"]
[BlackTitle "GM"]
[WhiteElo "2358"]
[BlackElo "2609"]
[WhiteFideId "13707647"]
[BlackFideId "13301004"]
[EventDate "2015.09.02"]

1. c4 e5 2. g3 Nf6 3. Bg2 d5 4. cxd5 Nxd5 5. Nf3 Nc6 6. d3 Be7 7. O-O O-O 8. Nc3
Nb6 9. Be3 Re8 10. Rc1 Bf8 11. a3 Nd4 12. Ne4 a5 13. Re1 a4 14. Nxd4 exd4 15.
Bd2 Be6 16. Nc5 Bxc5 17. Rxc5 Bb3 18. Qc1 Nd5 19. Rb5 Rb8 20. Bxd5 Bxd5 21. Rb4
Bb3 22. Qc5 b6 23. Qxd4 c5 24. Qxd8 Rexd8 25. Rg4 f6 26. Bc3 Kf7 27. h4 h6 28.
Rf4 Rd5 29. g4 Re8 30. h5 Re6 31. f3 Rd8 32. Kf2 Rde8 33. e3 Rd8 34. d4 cxd4 35.
Rxd4 Rxd4 36. Bxd4 Rc6 37. Bc3 Rd6 38. Rc1 Rd1 39. Rxd1 Bxd1 40. Kg3 b5 41. f4
Bc2 1/2-1/2

[Event "World Junior Open 2015"]
[Site "Khanty-Mansiysk RUS"]
[Date "2015.09.14"]
[Round "12.8"]
[White "Chigaev, Maksim"]
[Black "Iskandarov, Misratdin"]
[Result "1-0"]
[WhiteTitle "IM"]
[BlackTitle "IM"]
[WhiteElo "2531"]
[BlackElo "2405"]
[WhiteFideId "4108116"]
[BlackFideId "13400312"]
[EventDate "2015.09.02"]

1. d4 Nf6 2. Nc3 d5 3. Bf4 Bf5 4. e3 e6 5. Nf3 a6 6. Ne5 Nbd7 7. g4 Nxe5 8. gxf5
Nc6 9. fxe6 fxe6 10. Bg2 Bd6 11. Ne2 O-O 12. O-O Ne7 13. Bg3 Nf5 14. c4 Kh8 15.
c5 Bxg3 16. hxg3 c6 17. Nf4 Qe7 18. b4 e5 19. dxe5 Qxe5 20. a4 Ne4 21. Qc2 Rf6
22. Bxe4 dxe4 23. Rad1 Raf8 24. Rd7 g5 25. Nh5 Rh6 26. Qe2 Ne7 27. Qg4 Nd5 28.
Rxb7 Rg8 29. Rd1 Qe8 30. Rxd5 cxd5 31. Qf5 g4 32. Nf4 Qc6 33. Rb6 1-0

[Event "World Junior Open 2015"]
[Site "Khanty-Mansiysk RUS"]
[Date "2015.09.14"]
[Round "12.9"]
[White "Gordievsky, Dmitry"]
[Black "Akash, G"]
[Result "1/2-1/2"]
[WhiteTitle "FM"]
[BlackTitle "IM"]
[WhiteElo "2511"]
[BlackElo "2382"]
[WhiteFideId "24112798"]
[BlackFideId "5040299"]
[EventDate "2015.09.02"]

1. Nf3 Nf6 2. g3 g6 3. b3 Bg7 4. Bb2 O-O 5. Bg2 d5 6. c4 c6 7. O-O Bg4 8. d3
Nbd7 9. Nbd2 Re8 10. d4 Bxf3 11. Nxf3 Ne4 12. Ne5 e6 13. Qc2 Nd6 14. Rad1 a5 15.
a4 Rc8 16. e3 Qc7 17. Rc1 Nf6 18. Qe2 Ra8 19. g4 Nd7 20. f4 Qd8 21. c5 Nc8 22.
Nd3 f5 23. g5 Ne7 24. Ba3 Kf7 25. h4 Qc7 26. Rb1 Reb8 27. Rfc1 h6 28. Kf2 hxg5
29. hxg5 Rh8 30. Rh1 Rxh1 31. Rxh1 Rb8 32. Qd2 Ra8 33. Bf3 Ra7 34. Rb1 Qc8 35.
Bb2 Qc7 36. Bc3 Qd8 37. Qb2 Qa8 38. b4 axb4 39. Qxb4 Rxa4 40. Qxb7 Ra2+ 41. Kg3
Qa7 42. Qxa7 Rxa7 43. Be2 Ke8 44. Kf2 Kd8 45. Ke1 Kc7 46. Kd2 Ra2+ 47. Bb2 Ra4
48. Kc2 Ra8 49. Rh1 Rh8 50. Rxh8 Bxh8 51. Bc3 Bg7 52. Ba5+ Kb7 53. Nb4 Nb8 54.
Bd8 Bf8 55. Kb3 Kc8 56. Ba5 Kb7 57. Ka4 Nc8 58. Bd8 Be7 59. Bxe7 Nxe7 60. Nd3
Nd7 61. Kb4 Kc7 62. Kc3 Kb7 63. Kd2 Kc7 64. Ke1 Kd8 65. Kf2 Ke8 66. Kg3 Kd8 67.
Kh4 Ke8 68. Kg3 Kd8 69. Nb4 Nb8 70. Kh4 Ke8 71. Ba6 Kd7 72. Be2 Ke8 73. Kg3 Kd8
74. Kf2 Kc7 75. Ke1 Kb7 76. Kd2 Kc7 77. Kc3 Kb7 78. Kb3 Kc7 79. Ka4 Kb7 80. Ka5
Kc7 81. Nd3 Nd7 82. Ka6 Nc8 83. Ne1 Nb8+ 84. Ka5 Ne7 85. Nf3 Nd7 86. Ka6 Nc8 87.
Nh4 Nb8+ 88. Ka5 Ne7 89. Bd1 Kb7 90. Be2 Kc7 91. Nf3 Nd7 92. Ne1 Nb8 93. Nd3 Nd7
94. Ka6 Nc8 95. Nb2 Nb8+ 96. Ka5 Ne7 97. Na4 Kb7 98. Nb6 Ka7 99. Bd3 Kb7 100.
Be2 Ka7 101. Kb4 Kb7 102. Kc3 Kc7 103. Kd2 Nd7 104. Nxd7 Kxd7 105. Kc3 Kc7 106.
Kb4 Kb7 107. Ka5 Ng8 1/2-1/2

[Event "World Junior Open 2015"]
[Site "Khanty-Mansiysk RUS"]
[Date "2015.09.14"]
[Round "12.10"]
[White "Johansson, Linus"]
[Black "Georgiadis, Nico"]
[Result "1-0"]
[WhiteTitle "IM"]
[BlackTitle "IM"]
[WhiteElo "2400"]
[BlackElo "2484"]
[WhiteFideId "1711113"]
[BlackFideId "1300113"]
[EventDate "2015.09.02"]

1. c4 c5 2. Nc3 Nc6 3. Nf3 g6 4. e3 Nf6 5. d4 cxd4 6. exd4 d5 7. cxd5 Nxd5 8.
Qb3 Nxc3 9. Bc4 Nd5 10. Bxd5 e6 11. Bxc6+ bxc6 12. O-O Bg7 13. Bg5 Qd6 14. Qe3
O-O 15. Rfc1 Bd7 16. Rc5 Rfc8 17. h4 Qf8 18. Rac1 Rab8 19. b3 Rb5 20. Ne5 Rb7
21. h5 gxh5 22. Qh3 Be8 23. Be3 Rd8 24. Qxh5 Rb5 25. Nxc6 Bxc6 26. Rxb5 Bxb5 27.
Qxb5 Qd6 28. Rc4 h6 29. Qh5 Qf8 30. Rc7 Rd5 31. Qg4 h5 32. Qg3 a5 33. Bh6 Kh7
34. Bxg7 Qxg7 35. Qxg7+ Kxg7 36. Rc5 Rxd4 37. Rxa5 f5 38. a4 Kf6 39. Rb5 Rd1+
40. Kh2 e5 41. a5 Ra1 42. Rb6+ Kg5 43. b4 e4 44. a6 h4 45. b5 f4 46. Re6 Kf5 47.
Re8 1-0

[Event "World Junior Open 2015"]
[Site "Khanty-Mansiysk RUS"]
[Date "2015.09.14"]
[Round "12.11"]
[White "Ali Marandi, Cemil Can"]
[Black "Karthikeyan, Murali"]
[Result "1-0"]
[WhiteTitle "IM"]
[BlackTitle "GM"]
[WhiteElo "2422"]
[BlackElo "2509"]
[WhiteFideId "6300529"]
[BlackFideId "5074452"]
[EventDate "2015.09.02"]

1. Nf3 Nf6 2. g3 g6 3. b3 Bg7 4. Bb2 O-O 5. Bg2 d6 6. d4 c5 7. O-O Nc6 8. d5 Nb4
9. c4 b5 10. Nbd2 bxc4 11. bxc4 Rb8 12. Bc3 e6 13. a3 Na6 14. dxe6 Bxe6 15. Qa4
Qc8 16. Rfe1 Bd7 17. Qc2 Nc7 18. e4 Qa6 19. e5 Bf5 20. Qc1 dxe5 21. Bxe5 Rbc8
22. Nh4 Bd7 23. Qb2 Qb6 24. Qc3 Nce8 25. Rab1 Qe6 26. Bb7 Bc6 27. Bxc8 Qxc8 28.
Qa5 Qh3 29. Qxc5 Ng4 30. Ndf3 Bxf3 31. Nxf3 Bxe5 32. Rxe5 Nxe5 33. Qxe5 Qg4 34.
Nd4 Ng7 35. Rb8 Qd7 36. Rxf8+ Kxf8 37. c5 Qe7 38. Qd5 Ne8 39. Nb5 a6 40. Nd6 Nc7
41. Qb7 Ne6 42. Qxa6 h5 43. h4 Nd4 44. Qa8+ Kg7 45. Qd5 Ne6 46. c6 Nc7 47. Qd4+
Kh7 48. Ne4 Qxa3 49. Ng5+ 1-0

[Event "World Junior Open 2015"]
[Site "Khanty-Mansiysk RUS"]
[Date "2015.09.14"]
[Round "12.12"]
[White "Cori, Jorge"]
[Black "Sunilduth Lyna, Narayanan"]
[Result "1/2-1/2"]
[WhiteTitle "GM"]
[BlackTitle "IM"]
[WhiteElo "2637"]
[BlackElo "2473"]
[WhiteFideId "3802272"]
[BlackFideId "5058422"]
[EventDate "2015.09.02"]

1. c4 Nf6 2. g3 g6 3. Bg2 Bg7 4. Nc3 O-O 5. d4 c5 6. d5 d6 7. Nf3 e6 8. O-O exd5
9. cxd5 Nbd7 10. Re1 Qe7 11. a4 Ne4 12. Nxe4 Qxe4 13. Ra3 Qe7 14. e4 Re8 15. h3
a6 16. Nd2 Rb8 17. f4 b5 18. axb5 axb5 19. Nf3 Nb6 20. Rae3 Bb7 21. e5 Nxd5 22.
Rd3 Nb4 23. Rxd6 Rbd8 24. Be3 Qc7 25. Rxd8 Rxd8 26. Qe2 Nd3 27. Ra1 h6 28. Kh2
Bd5 29. Qxd3 Bxf3 30. Qxb5 Bxg2 31. Kxg2 Rb8 32. Qe2 Qb7+ 33. Kg1 Bf8 34. Bc1
Qd5 35. Ra3 c4 36. Rc3 Rb4 37. Kh2 Bc5 38. h4 Bd4 39. Rc2 h5 40. Qg2 Qxg2+ 41.
Kxg2 f6 42. e6 Kf8 43. b3 Rxb3 44. Rxc4 Be3 45. Rc8+ Ke7 46. Bxe3 Rxe3 47. Rg8
Ra3 48. Rxg6 Kxe6 49. Rh6 Ra5 50. Rh7 Rb5 51. Kf3 Rb3+ 52. Ke4 Rb4+ 53. Ke3 Rb3+
54. Kd4 Rb4+ 55. Kc5 Ra4 56. Kb5 Ra3 57. Rg7 Rc3 58. Kb4 Rf3 59. Kc4 Ra3 60. Kd4
Ra5 61. Ke4 1/2-1/2